UEFA EURO Winning Captains - Statistics

General Stats
  • This quiz has been taken 42 times
    12 since last reset
  • The average score is 12 of 17
Answer Stats
Question Answer % Correct
Who was Portugal's 2016 ​UEFA Euro-winning captain? Cristiano Ronaldo
100%
Who was West Germany's 1972 UEFA Euro-winning captain? Franz Beckenbauer
100%
Who was Italy's 2020 ​UEFA Euro-winning captain? Giorgio Chiellini
100%
Who was Spain's 2012 ​UEFA Euro-winning captain? Iker Casillas
100%
Who was France's 1984 UEFA Euro-winning captain? Michel Platini
100%
Who was France's 2000 UEFA Euro-winning captain? Didier Deschamps
80%
Who was Italy's 1968 UEFA Euro-winning captain? Giacinto Facchetti
80%
Who was Spain's 2008 ​UEFA Euro-winning captain? Iker Casillas
80%
Who was Greece's 2004 UEFA Euro-winning captain? Theodoros Zagorakis
80%
Who was Spain's 2024 ​UEFA Euro-winning captain? Alvaro Morata
60%
Who was West Germany's 1980 UEFA Euro-winning captain? Bernard Dietz
60%
Who was Germany's 1996 UEFA Euro-winning captain? Jürgen Klinsmann
60%
Who was Czechoslovakia's 1976 UEFA Euro-winning captain? Anton Ondrus
40%
Who was Spain's 1964 UEFA Euro-winning captain? Ferran Olivella
40%
Who was Soviet Union's 1960 UEFA Euro-winning captain? Igor Netto
40%
Who was Denmark's 1992 UEFA Euro-winning captain? Lars Olsen
40%
Who was Netherland's 1988 UEFA Euro-winning captain? Ruud Gullit
40%
No matching quizzes found
Score Distribution
Percent of People with Each Score
Percentile by Number Answered
Your Score History
You have not taken this quiz since the last reset